[Event "eytcc"]
[Site "?"]
[Date "2017.08.20"]
[Round "4.8"]
[White "Kosakowski, Jakub"]
[Black "Bohus, Adam"]
[Result "1/2-1/2"]
[BlackElo "2299"]
[WhiteElo "2363"]
[LiveChessVersion "1.4.4"]

1. e4 {[%clk 1:30:57]} e5 {[%clk 1:30:52]} 2. Nf3 {[%clk 1:31:18]} Nc6
{[%clk 1:31:09]} 3. Bb5 {[%clk 1:31:36]} a6 {[%clk 1:31:22]} 4. Ba4
{[%clk 1:31:57]} Nf6 {[%clk 1:31:31]} 5. O-O {[%clk 1:32:09]} Be7
{[%clk 1:31:35]} 6. Re1 {[%clk 1:32:03]} b5 {[%clk 1:31:35]} 7. Bb3
{[%clk 1:32:25]} d6 {[%clk 1:31:28]} 8. c3 {[%clk 1:32:45]} O-O {[%clk 1:31:27]}
9. h3 {[%clk 1:33:08]} Bb7 {[%clk 1:31:17]} 10. d4 {[%clk 1:32:34]} Nd7
{[%clk 1:31:04]} 11. a4 {[%clk 1:26:33]} Na5 {[%clk 1:23:32]} 12. Bc2
{[%clk 1:26:21]} c5 {[%clk 1:21:59]} 13. d5 {[%clk 1:25:17]} Qc7 {[%clk 1:06:34]}
14. b4 {[%clk 1:15:47]} Nc4 {[%clk 1:00:52]} 15. a5 {[%clk 1:05:32]} Rac8
{[%clk 0:54:23]} 16. Ra2 {[%clk 1:00:45]} h6 {[%clk 0:40:36]} 17. g4
{[%clk 0:39:50]} Nf6 {[%clk 0:33:15]} 18. g5 {[%clk 0:37:16]} hxg5
{[%clk 0:32:35]} 19. Nxg5 {[%clk 0:37:26]} g6 {[%clk 0:29:10]} 20. Kh2
{[%clk 0:31:35]} Kg7 {[%clk 0:24:50]} 21. Rg1 {[%clk 0:24:24]} Rh8
{[%clk 0:23:56]} 22. Nd2 {[%clk 0:22:42]} cxb4 {[%clk 0:18:58]} 23. cxb4
{[%clk 0:22:07]} Nxd2 {[%clk 0:15:18]} 24. Bxd2 {[%clk 0:21:45]} Qc4
{[%clk 0:15:04]} 25. Bb1 {[%clk 0:13:54]} Qd4 {[%clk 0:14:10]} 26. Qf3
{[%clk 0:09:36]} Rh4 {[%clk 0:13:04]} 27. Bd3 {[%clk 0:02:15]} Rch8
{[%clk 0:11:04]} 28. Rc2 {[%clk 0:01:50]} Bc8 {[%clk 0:05:51]} 29. Rg3
{[%clk 0:02:07]} Bg4 {[%clk 0:04:35]} 30. Qg2 {[%clk 0:01:27]} Bd7
{[%clk 0:01:56]} 31. Rc7 {[%clk 0:01:11]} Qa1 {[%clk 0:02:07]} 32. Rc1
{[%clk 0:01:07]} Qb2 {[%clk 0:01:54]} 33. Rc2 {[%clk 0:01:28]} Qb3
{[%clk 0:01:37]} 34. Kg1 {[%clk 0:01:01]} Nh5 {[%clk 0:01:27]} 35. Rf3
{[%clk 0:01:01]} Nf4 {[%clk 0:01:12]} 36. Bxf4 {[%clk 0:01:05]} exf4
{[%clk 0:01:41]} 37. Rc7 {[%clk 0:00:45]} Qd1+ {[%clk 0:01:13]} 38. Kh2
{[%clk 0:01:03]} Rg4 {[%clk 0:00:46]} 39. Qf1 {[%clk 0:01:03]} Qxf1 40. Bxf1
{[%clk 0:31:32]} Rxg5 {[%clk 0:30:34]} 41. Rxd7 {[%clk 0:31:53]} Re5
{[%clk 0:23:34]} 42. Rxf4 {[%clk 0:27:52]} Ra8 {[%clk 0:11:51]} 43. Rc7
{[%clk 0:25:26]} Bf6 {[%clk 0:09:23]} 44. Kg2 {[%clk 0:18:23]} Ree8
{[%clk 0:09:03]} 45. Be2 {[%clk 0:07:39]} Rec8 {[%clk 0:08:31]} 46. Rb7
{[%clk 0:07:51]} Rcb8 {[%clk 0:08:25]} 47. Rd7 {[%clk 0:06:17]} Rd8
{[%clk 0:08:32]} 48. Rc7 {[%clk 0:04:52]} Rdc8 {[%clk 0:08:26]} 49. Rb7
{[%clk 0:04:25]} Rcb8 {[%clk 0:06:44]} 50. Rd7 {[%clk 0:01:21]} Rd8
{[%clk 0:06:33]} 51. Rc7 {[%clk 0:00:38]} Rdc8 {[%clk 0:06:32]} 52. Rb7
{[%clk 0:00:54]} Rcb8 {[%clk 0:06:44]} 53. Rc7 {[%clk 0:00:41]} Rc8
{[%clk 0:07:04]} 54. Rb7 {[%clk 0:00:42]} 1/2-1/2

[Event "eytcc"]
[Site "?"]
[Date "2017.08.20"]
[Round "4.9"]
[White "Ozer, Omer Faruk"]
[Black "Zajic, Milan"]
[Result "1/2-1/2"]
[BlackElo "2499"]
[WhiteElo "2411"]
[LiveChessVersion "1.4.4"]

1. e4 {[%clk 1:30:57]} e5 {[%clk 1:30:53]} 2. Nf3 {[%clk 1:29:30]} Nc6
{[%clk 1:31:13]} 3. Bc4 {[%clk 1:29:48]} Bc5 {[%clk 1:31:13]} 4. c3
{[%clk 1:29:32]} Nf6 {[%clk 1:31:30]} 5. d3 {[%clk 1:29:55]} d6 {[%clk 1:28:13]}
6. a4 {[%clk 1:28:00]} a5 {[%clk 1:25:27]} 7. O-O {[%clk 1:24:43]} O-O
{[%clk 1:19:40]} 8. Bg5 {[%clk 1:23:47]} h6 {[%clk 1:19:32]} 9. Bh4
{[%clk 1:24:11]} g5 {[%clk 1:10:38]} 10. Bg3 {[%clk 1:23:58]} Bg4
{[%clk 1:09:17]} 11. Na3 {[%clk 1:11:49]} Nh5 {[%clk 0:54:20]} 12. Nc2
{[%clk 1:10:00]} Nf4 {[%clk 0:52:19]} 13. Ne3 {[%clk 1:06:54]} Bh5
{[%clk 0:50:33]} 14. h3 {[%clk 0:54:57]} Kh7 {[%clk 0:41:45]} 15. Ng4
{[%clk 0:48:55]} Bb6 {[%clk 0:31:09]} 16. Bb3 {[%clk 0:22:58]} Bg6
{[%clk 0:13:48]} 17. Ne3 {[%clk 0:18:12]} Bh5 {[%clk 0:11:40]} 18. Ng4
{[%clk 0:18:25]} Bg6 {[%clk 0:11:36]} 19. Ne3 {[%clk 0:18:49]} Bh5
{[%clk 0:10:20]} 20. Ng4 {[%clk 0:19:17]} Bg6 {[%clk 0:10:35]} 1/2-1/2

[Event "eytcc"]
[Site "?"]
[Date "2017.08.20"]
[Round "4.10"]
[White "Djordjevic, Vuk"]
[Black "Gokerkan, Cem Kaan"]
[Result "1-0"]
[BlackElo "2357"]
[WhiteElo "2337"]
[LiveChessVersion "1.4.4"]

1. d4 {[%clk 1:30:41]} d5 {[%clk 1:27:38]} 2. Nf3 {[%clk 1:30:57]} Nf6
{[%clk 1:28:01]} 3. Bg5 {[%clk 1:31:04]} Nbd7 {[%clk 1:23:21]} 4. e3
{[%clk 1:29:05]} h6 {[%clk 1:22:58]} 5. Bf4 {[%clk 1:27:39]} c5 {[%clk 1:20:07]}
6. c3 {[%clk 1:22:29]} Qb6 {[%clk 1:19:48]} 7. Qc2 {[%clk 1:21:51]} e6
{[%clk 1:14:04]} 8. Nbd2 {[%clk 1:06:06]} Bd6 {[%clk 1:13:29]} 9. Bd3
{[%clk 0:55:16]} Bxf4 {[%clk 1:13:08]} 10. exf4 {[%clk 0:55:33]} Qc7
{[%clk 1:12:55]} 11. g3 {[%clk 0:50:13]} cxd4 {[%clk 1:13:20]} 12. Nxd4
{[%clk 0:49:33]} O-O {[%clk 1:11:02]} 13. O-O {[%clk 0:47:17]} Nc5
{[%clk 1:09:50]} 14. Rfe1 {[%clk 0:44:56]} Bd7 {[%clk 1:08:06]} 15. N2f3
{[%clk 0:43:13]} Ba4 {[%clk 1:04:39]} 16. Qe2 {[%clk 0:42:47]} Rfe8
{[%clk 1:00:55]} 17. Ne5 {[%clk 0:40:21]} Rad8 {[%clk 0:54:50]} 18. Rac1
{[%clk 0:28:51]} Qb6 {[%clk 0:54:22]} 19. Bb1 {[%clk 0:28:40]} Qa6
{[%clk 0:48:38]} 20. Qe3 {[%clk 0:27:29]} Nce4 {[%clk 0:47:49]} 21. Ndf3
{[%clk 0:16:56]} Qa5 {[%clk 0:44:50]} 22. Qd4 {[%clk 0:14:32]} Bb5
{[%clk 0:37:05]} 23. Qe3 {[%clk 0:13:07]} Nd6 {[%clk 0:35:43]} 24. Rcd1
{[%clk 0:10:18]} Nfe4 {[%clk 0:34:19]} 25. Nd2 {[%clk 0:08:44]} Nf5
{[%clk 0:33:23]} 26. Qf3 {[%clk 0:09:13]} f6 {[%clk 0:30:34]} 27. Nb3
{[%clk 0:06:02]} Qb6 {[%clk 0:30:07]} 28. Ng4 {[%clk 0:05:39]} Bc6
{[%clk 0:29:33]} 29. Ne3 {[%clk 0:04:47]} Nexg3 {[%clk 0:19:37]} 30. hxg3
{[%clk 0:02:04]} d4 {[%clk 0:19:54]} 31. Qe2 {[%clk 0:02:19]} dxe3
{[%clk 0:20:13]} 32. Rxd8 {[%clk 0:01:27]} exf2+ {[%clk 0:16:41]} 33. Qxf2
{[%clk 0:01:54]} Rxd8 {[%clk 0:16:06]} 34. Qxb6 axb6 {[%clk 0:16:35]} 35. Bxf5
{[%clk 0:01:25]} exf5 {[%clk 0:17:01]} 36. Nd4 {[%clk 0:01:35]} Bd7
{[%clk 0:15:31]} 37. Rd1 {[%clk 0:01:14]} Bc8 {[%clk 0:15:39]} 38. Kf2
{[%clk 0:01:23]} Kf7 {[%clk 0:15:38]} 39. Ke3 {[%clk 0:01:01]} g5
{[%clk 0:08:00]} 40. Kd3 {[%clk 0:30:38]} Kg6 {[%clk 0:35:00]} 41. Re1
{[%clk 0:27:23]} Rh8 {[%clk 0:16:07]} 42. b4 {[%clk 0:17:21]} Kh5
{[%clk 0:16:12]} 43. Rh1+ {[%clk 0:16:30]} Kg4 {[%clk 0:15:53]} 44. Ke3
{[%clk 0:11:55]} Bd7 {[%clk 0:11:05]} 45. b5 {[%clk 0:10:18]} Re8+
{[%clk 0:07:05]} 46. Kf2 {[%clk 0:07:49]} Ra8 {[%clk 0:07:33]} 47. Rxh6
{[%clk 0:08:14]} Rxa2+ {[%clk 0:08:02]} 48. Ke3 {[%clk 0:08:20]} Kxg3
{[%clk 0:08:01]} 49. Rg6 {[%clk 0:08:11]} Kg4 {[%clk 0:06:28]} 50. Rg7
{[%clk 0:05:02]} Be8 {[%clk 0:05:16]} 51. c4 {[%clk 0:03:19]} Ra3+
{[%clk 0:04:29]} 52. Kd2 {[%clk 0:03:21]} Kxf4 {[%clk 0:04:18]} 53. Rxb7
{[%clk 0:03:31]} g4 {[%clk 0:01:38]} 54. Rxb6 {[%clk 0:04:00]} g3
{[%clk 0:01:47]} 55. Ra6 {[%clk 0:02:22]} Re3 {[%clk 0:01:28]} 56. Ne2+
{[%clk 0:02:15]} Kf3 {[%clk 0:01:43]} 57. Nxg3 {[%clk 0:02:37]} f4
{[%clk 0:01:50]} 58. Nf5 {[%clk 0:02:16]} Re2+ {[%clk 0:01:41]} 59. Kc3
{[%clk 0:02:36]} Kg4 {[%clk 0:00:50]} 60. Rxf6 {[%clk 0:02:42]} f3
{[%clk 0:00:54]} 61. Nd4 {[%clk 0:02:31]} Re3+ {[%clk 0:01:24]} 62. Kb4
{[%clk 0:02:38]} Bh5 {[%clk 0:00:37]} 63. Rxf3 1-0

[Event "eytcc"]
[Site "?"]
[Date "2017.08.20"]
[Round "4.11"]
[White "Tuncer, Tuna"]
[Black "Radovanovic, Mihajlo"]
[Result "0-1"]
[BlackElo "2357"]
[WhiteElo "2291"]
[LiveChessVersion "1.4.4"]

1. e4 {[%clk 1:30:57]} c5 {[%clk 1:30:53]} 2. Nf3 {[%clk 1:31:05]} Nc6
{[%clk 1:31:08]} 3. Nc3 {[%clk 1:28:24]} g6 {[%clk 1:31:16]} 4. Bb5
{[%clk 1:26:12]} Bg7 {[%clk 1:28:30]} 5. O-O {[%clk 1:24:26]} d6 {[%clk 1:17:19]}
6. Bxc6+ {[%clk 1:13:25]} bxc6 {[%clk 1:17:41]} 7. d3 {[%clk 1:13:28]} Nh6
{[%clk 1:01:23]} 8. Bd2 {[%clk 0:55:09]} f5 {[%clk 0:59:50]} 9. Qe2
{[%clk 0:49:49]} O-O {[%clk 0:48:40]} 10. Bxh6 {[%clk 0:45:06]} Bxh6
{[%clk 0:48:52]} 11. e5 {[%clk 0:45:33]} Rb8 {[%clk 0:40:55]} 12. Na4
{[%clk 0:38:44]} Bg7 {[%clk 0:36:22]} 13. Rae1 {[%clk 0:36:07]} h6
{[%clk 0:34:25]} 14. b3 {[%clk 0:28:46]} Kh7 {[%clk 0:34:35]} 15. Nb2
{[%clk 0:27:30]} f4 {[%clk 0:30:10]} 16. Nc4 {[%clk 0:22:54]} d5 {[%clk 0:22:18]}
17. Nb2 {[%clk 0:22:40]} Bg4 {[%clk 0:20:56]} 18. Ng5+ {[%clk 0:16:26]} hxg5
{[%clk 0:21:19]} 19. Qxg4 {[%clk 0:16:52]} Rf5 {[%clk 0:21:40]} 20. Na4
{[%clk 0:17:15]} Qa5 {[%clk 0:17:41]} 21. Re2 {[%clk 0:17:01]} e6
{[%clk 0:11:48]} 22. Qf3 {[%clk 0:11:16]} Bf8 {[%clk 0:09:42]} 23. c4
{[%clk 0:11:23]} Be7 {[%clk 0:08:49]} 24. Qg4 {[%clk 0:08:03]} Kg7
{[%clk 0:08:44]} 25. f3 {[%clk 0:02:28]} Rh8 {[%clk 0:07:56]} 26. g3
{[%clk 0:02:56]} dxc4 {[%clk 0:06:24]} 27. dxc4 {[%clk 0:02:46]} Qd8
{[%clk 0:06:37]} 28. Kg2 {[%clk 0:01:28]} Qd3 {[%clk 0:06:29]} 29. Rff2
{[%clk 0:00:56]} Rd8 {[%clk 0:03:56]} 30. Nb2 {[%clk 0:00:35]} Qb1
{[%clk 0:03:23]} 31. Rd2 {[%clk 0:00:34]} Rd4 {[%clk 0:03:08]} 32. Rxd4
{[%clk 0:00:36]} cxd4 {[%clk 0:03:38]} 33. h4 {[%clk 0:01:00]} fxg3
{[%clk 0:03:36]} 34. Rd2 {[%clk 0:00:45]} gxh4 {[%clk 0:01:43]} 35. Nd1
{[%clk 0:00:47]} c5 {[%clk 0:01:39]} 36. Kh3 {[%clk 0:00:35]} Bg5
{[%clk 0:01:16]} 37. f4 {[%clk 0:00:49]} Bxf4 {[%clk 0:01:30]} 38. Rg2
{[%clk 0:00:48]} Qe4 {[%clk 0:01:06]} 39. Nf2 {[%clk 0:00:51]} Qe1
{[%clk 0:01:18]} 40. Qf3 {[%clk 0:30:40]} gxf2 {[%clk 0:31:12]} 0-1

[Event "eytcc"]
[Site "?"]
[Date "2017.08.20"]
[Round "4.12"]
[White "Ivic, Velimir"]
[Black "Dedebas, Emre Emin"]
[Result "1-0"]
[BlackElo "2273"]
[WhiteElo "2383"]
[LiveChessVersion "1.4.4"]

1. e4 e5 {[%clk 1:30:56]} 2. Nf3 {[%clk 1:31:23]} Nc6 {[%clk 1:31:22]} 3. Bb5
{[%clk 1:31:41]} Nf6 {[%clk 1:31:42]} 4. d3 {[%clk 1:31:35]} d6 {[%clk 1:32:08]}
5. O-O {[%clk 1:30:47]} Bd7 {[%clk 1:32:22]} 6. c3 {[%clk 1:29:10]} g6
{[%clk 1:32:43]} 7. Re1 {[%clk 1:26:33]} Bg7 {[%clk 1:33:00]} 8. d4
{[%clk 1:26:52]} O-O {[%clk 1:32:20]} 9. d5 {[%clk 1:24:11]} Ne7 {[%clk 1:32:27]}
10. c4 {[%clk 1:24:22]} Bxb5 {[%clk 1:18:45]} 11. cxb5 {[%clk 1:24:37]} Nd7
{[%clk 1:18:25]} 12. Be3 {[%clk 0:57:12]} h6 {[%clk 1:12:37]} 13. Nfd2
{[%clk 0:54:55]} f5 {[%clk 1:12:27]} 14. f3 {[%clk 0:55:07]} Nf6 {[%clk 0:43:33]}
15. Nc3 {[%clk 0:53:52]} Qd7 {[%clk 0:42:53]} 16. a4 {[%clk 0:35:10]} f4
{[%clk 0:37:14]} 17. Bf2 {[%clk 0:35:34]} g5 {[%clk 0:37:40]} 18. a5
{[%clk 0:33:37]} h5 {[%clk 0:32:35]} 19. b6 {[%clk 0:33:18]} axb6
{[%clk 0:16:54]} 20. axb6 {[%clk 0:33:35]} Rxa1 {[%clk 0:17:15]} 21. Qxa1
{[%clk 0:34:00]} cxb6 {[%clk 0:16:55]} 22. Qa4 {[%clk 0:21:12]} Rc8
{[%clk 0:14:19]} 23. Qb4 {[%clk 0:15:33]} g4 {[%clk 0:09:46]} 24. Qxb6
{[%clk 0:14:12]} Ng6 {[%clk 0:09:14]} 25. Ra1 {[%clk 0:10:15]} h4
{[%clk 0:07:18]} 26. Ra7 {[%clk 0:08:19]} Rb8 {[%clk 0:03:54]} 27. fxg4
{[%clk 0:06:18]} Nxg4 {[%clk 0:03:42]} 28. h3 {[%clk 0:05:43]} Nxf2
{[%clk 0:02:14]} 29. Kxf2 {[%clk 0:05:25]} Ne7 {[%clk 0:02:32]} 30. Qb5
{[%clk 0:03:56]} Qc7 {[%clk 0:01:36]} 31. Ra4 {[%clk 0:02:09]} Ng6
{[%clk 0:01:54]} 32. Nf3 {[%clk 0:01:41]} Bf6 {[%clk 0:02:06]} 33. Rc4
{[%clk 0:01:40]} Qd8 {[%clk 0:02:08]} 34. Na4 {[%clk 0:01:46]} Rc8
{[%clk 0:02:08]} 35. b3 {[%clk 0:01:05]} Rxc4 {[%clk 0:01:07]} 36. bxc4
{[%clk 0:01:29]} Qa8 {[%clk 0:00:41]} 37. c5 {[%clk 0:00:51]} dxc5
{[%clk 0:00:37]} 38. Nxc5 {[%clk 0:01:03]} Qa7 {[%clk 0:00:58]} 39. d6
{[%clk 0:00:40]} b6 {[%clk 0:01:03]} 40. Qe8+ {[%clk 0:30:38]} Nf8
{[%clk 0:30:46]} 41. Qa4 {[%clk 0:12:11]} Qb8 {[%clk 0:20:33]} 42. Qb3+
{[%clk 0:10:23]} Kh8 {[%clk 0:20:51]} 43. Na4 {[%clk 0:09:44]} b5
{[%clk 0:04:32]} 44. Nc3 {[%clk 0:09:38]} Qb6+ {[%clk 0:04:09]} 45. Kf1
{[%clk 0:09:43]} Qxd6 {[%clk 0:04:32]} 46. Qxb5 {[%clk 0:09:03]} Ng6
{[%clk 0:04:18]} 47. Nd5 {[%clk 0:05:59]} Kg7 {[%clk 0:04:31]} 48. Nd2
{[%clk 0:04:49]} Bg5 {[%clk 0:01:54]} 49. Nc4 {[%clk 0:04:21]} Qd8
{[%clk 0:01:26]} 50. Qb7+ {[%clk 0:03:07]} Kh6 {[%clk 0:01:10]} 51. Ke2
{[%clk 0:02:29]} Qf8 {[%clk 0:01:19]} 52. Qc6 {[%clk 0:00:34]} Kh7
{[%clk 0:00:39]} 53. Nd6 {[%clk 0:00:41]} Qg7 {[%clk 0:00:32]} 54. Nf5
{[%clk 0:00:35]} Qa7 {[%clk 0:00:45]} 55. Kf3 {[%clk 0:00:39]} Bd8
{[%clk 0:00:34]} 56. Qe8 {[%clk 0:00:34]} Bg5 {[%clk 0:00:32]} 57. Nde7
{[%clk 0:00:31]} Bxe7 58. Qf7+ {[%clk 0:00:44]} 1-0

[Event "eytcc"]
[Site "?"]
[Date "2017.08.20"]
[Round "4.13"]
[White "Matviishen, Viktor"]
[Black "Gorodetzky, David"]
[Result "1-0"]
[BlackElo "2409"]
[WhiteElo "2433"]
[LiveChessVersion "1.4.4"]

1. e4 {[%clk 1:30:57]} e6 {[%clk 1:30:55]} 2. d4 {[%clk 1:31:23]} d5
{[%clk 1:31:20]} 3. Bd3 {[%clk 1:31:49]} dxe4 {[%clk 1:23:35]} 4. Bxe4
{[%clk 1:32:18]} Nf6 {[%clk 1:23:54]} 5. Bf3 {[%clk 1:32:43]} c5 {[%clk 1:21:31]}
6. Ne2 {[%clk 1:33:01]} Nc6 {[%clk 1:20:07]} 7. Be3 {[%clk 1:33:20]} e5
{[%clk 1:08:03]} 8. Bxc6+ {[%clk 1:33:35]} bxc6 {[%clk 1:08:31]} 9. dxe5
{[%clk 1:33:59]} Qxd1+ {[%clk 1:08:54]} 10. Kxd1 {[%clk 1:34:27]} Ng4
{[%clk 1:09:13]} 11. Nd2 {[%clk 1:34:53]} Bf5 {[%clk 0:43:13]} 12. Ng3
{[%clk 1:29:07]} Nxe3+ {[%clk 0:43:09]} 13. fxe3 {[%clk 1:29:36]} Bg4+
{[%clk 0:34:57]} 14. Kc1 {[%clk 1:26:45]} Be7 {[%clk 0:27:01]} 15. Rf1
{[%clk 1:22:34]} O-O {[%clk 0:22:23]} 16. h3 {[%clk 1:11:38]} Be6
{[%clk 0:22:17]} 17. Nge4 {[%clk 1:11:48]} c4 {[%clk 0:20:30]} 18. Kd1
{[%clk 1:05:11]} Rab8 {[%clk 0:19:36]} 19. b3 {[%clk 1:03:50]} Rb5
{[%clk 0:18:38]} 20. Nf3 {[%clk 0:55:01]} Bd5 {[%clk 0:18:51]} 21. Ned2
{[%clk 0:54:51]} c3 {[%clk 0:16:15]} 22. e4 {[%clk 0:54:05]} Be6 {[%clk 0:15:15]}
23. Nb1 {[%clk 0:54:26]} Rd8+ {[%clk 0:11:40]} 24. Ke2 {[%clk 0:53:03]} h5
{[%clk 0:09:16]} 25. Rd1 {[%clk 0:50:11]} Rxd1 {[%clk 0:09:15]} 26. Kxd1
{[%clk 0:50:40]} Rc5 {[%clk 0:07:59]} 27. Ke2 {[%clk 0:50:38]} Bc8
{[%clk 0:05:10]} 28. Kd3 {[%clk 0:41:20]} Ba6+ {[%clk 0:05:34]} 29. Kd4
{[%clk 0:41:43]} Bf1 {[%clk 0:04:47]} 30. g3 {[%clk 0:31:33]} Bxh3
{[%clk 0:05:12]} 31. Nxc3 {[%clk 0:31:17]} Bg4 {[%clk 0:04:22]} 32. Rf1
{[%clk 0:28:46]} Ra5 {[%clk 0:04:00]} 33. Na4 {[%clk 0:28:34]} Bd7
{[%clk 0:02:47]} 34. Kd3 {[%clk 0:28:16]} Bf8 {[%clk 0:01:08]} 35. c4
{[%clk 0:26:57]} Bg4 {[%clk 0:01:18]} 36. Kd4 {[%clk 0:27:15]} c5+
{[%clk 0:01:06]} 37. Ke3 {[%clk 0:27:02]} Ra6 {[%clk 0:01:23]} 38. Rd1
{[%clk 0:27:31]} Be7 {[%clk 0:00:46]} 39. Nc3 {[%clk 0:27:17]} Kf8
{[%clk 0:00:43]} 40. Rd2 {[%clk 0:56:43]} Ke8 {[%clk 0:30:32]} 41. Nb5
{[%clk 0:56:30]} Kf8 {[%clk 0:25:09]} 42. Nc7 {[%clk 0:53:23]} Rc6
{[%clk 0:22:10]} 43. Nd5 {[%clk 0:53:40]} Bd8 {[%clk 0:21:38]} 44. Nf4
{[%clk 0:49:16]} Bc7 {[%clk 0:20:27]} 45. Rd5 {[%clk 0:48:38]} Ra6
{[%clk 0:18:55]} 46. a4 {[%clk 0:42:17]} Rb6 {[%clk 0:18:06]} 47. Nd2
{[%clk 0:42:32]} Rc6 {[%clk 0:16:40]} 48. Nd3 {[%clk 0:30:08]} Be6
{[%clk 0:15:48]} 49. Kf4 {[%clk 0:28:06]} Bxd5 {[%clk 0:15:17]} 50. exd5
{[%clk 0:28:09]} Rf6+ {[%clk 0:14:40]} 51. Ke3 {[%clk 0:24:48]} Rg6
{[%clk 0:12:42]} 52. Ne4 {[%clk 0:25:05]} f5 {[%clk 0:10:17]} 53. Nexc5
{[%clk 0:11:00]} Rxg3+ {[%clk 0:09:28]} 54. Kf4 {[%clk 0:11:29]} h4
{[%clk 0:07:51]} 55. d6 {[%clk 0:07:43]} Bd8 {[%clk 0:03:59]} 56. e6
{[%clk 0:07:31]} g6 {[%clk 0:02:52]} 57. Nf2 {[%clk 0:04:47]} Rg2
{[%clk 0:01:51]} 58. Ncd3 {[%clk 0:04:23]} Bb6 {[%clk 0:00:46]} 59. e7+
{[%clk 0:02:22]} Kf7 {[%clk 0:00:41]} 60. Nh3 {[%clk 0:02:35]} Be3+
{[%clk 0:00:33]} 61. Kxe3 {[%clk 0:02:21]} Rg3+ {[%clk 0:01:03]} 62. Kf4
{[%clk 0:02:44]} Rxd3 {[%clk 0:01:04]} 63. Ng5+ {[%clk 0:03:09]} Ke8
{[%clk 0:01:32]} 64. c5 {[%clk 0:02:52]} Rd1 {[%clk 0:00:36]} 65. Ke5
{[%clk 0:02:57]} Re1+ {[%clk 0:00:33]} 66. Kf6 {[%clk 0:03:20]} Kd7
{[%clk 0:00:38]} 67. Kf7 {[%clk 0:02:01]} f4 {[%clk 0:00:39]} 68. Nh7
{[%clk 0:01:58]} f3 {[%clk 0:00:50]} 69. Nf6+ {[%clk 0:01:21]} Kc6
{[%clk 0:01:15]} 70. d7 {[%clk 0:01:50]} f2 {[%clk 0:00:53]} 71. d8=Q
{[%clk 0:02:10]} 1-0

[Event "eytcc"]
[Site "?"]
[Date "2017.08.20"]
[Round "4.14"]
[White "Parkhov, Yair"]
[Black "Lukiyanchuk, Vladislav"]
[Result "1-0"]
[BlackElo "2359"]
[WhiteElo "2382"]
[LiveChessVersion "1.4.4"]

1. Nf3 Nf6 {[%clk 1:30:47]} 2. c4 {[%clk 1:31:22]} e6 {[%clk 1:31:08]} 3. Nc3
{[%clk 1:31:48]} c5 {[%clk 1:30:14]} 4. d4 {[%clk 1:27:54]} cxd4 {[%clk 1:30:23]}
5. Nxd4 {[%clk 1:28:17]} a6 {[%clk 1:30:46]} 6. e4 {[%clk 1:27:49]} d6
{[%clk 1:28:52]} 7. Bd3 {[%clk 1:26:31]} Nbd7 {[%clk 1:27:38]} 8. O-O
{[%clk 1:26:44]} Qc7 {[%clk 1:27:14]} 9. f4 {[%clk 1:24:01]} h5 {[%clk 1:17:49]}
10. Kh1 {[%clk 1:18:21]} g6 {[%clk 1:16:25]} 11. f5 {[%clk 1:12:49]} e5
{[%clk 0:42:44]} 12. Nc2 {[%clk 1:12:28]} Bg7 {[%clk 0:42:28]} 13. Nb4
{[%clk 1:02:16]} Nb6 {[%clk 0:32:53]} 14. Bg5 {[%clk 1:00:02]} gxf5
{[%clk 0:31:41]} 15. exf5 {[%clk 0:59:10]} Bd7 {[%clk 0:26:58]} 16. Bxf6
{[%clk 0:51:57]} Bxf6 {[%clk 0:27:27]} 17. Ne4 {[%clk 0:52:16]} Be7
{[%clk 0:24:36]} 18. f6 {[%clk 0:49:06]} Bf8 {[%clk 0:24:41]} 19. Nd5
{[%clk 0:49:20]} Nxd5 {[%clk 0:24:14]} 20. cxd5 {[%clk 0:49:41]} Qb6
{[%clk 0:21:14]} 21. Be2 {[%clk 0:34:45]} Qe3 {[%clk 0:12:49]} 22. Nc3
{[%clk 0:30:20]} Rc8 {[%clk 0:10:40]} 23. Rf3 {[%clk 0:20:17]} Qb6
{[%clk 0:09:29]} 24. Rb1 {[%clk 0:15:45]} h4 {[%clk 0:05:53]} 25. h3
{[%clk 0:15:29]} Rg8 {[%clk 0:02:24]} 26. Qe1 {[%clk 0:14:37]} Qd4
{[%clk 0:02:20]} 27. a3 {[%clk 0:11:41]} Rh8 {[%clk 0:01:10]} 28. Rd1
{[%clk 0:09:25]} Qb6 {[%clk 0:01:39]} 29. b4 {[%clk 0:09:14]} Qc7
{[%clk 0:00:43]} 30. Bf1 {[%clk 0:05:24]} Rh6 {[%clk 0:00:42]} 31. Rd4
{[%clk 0:04:02]} Qd8 {[%clk 0:00:45]} 32. Rdf4 {[%clk 0:02:42]} Rg6
{[%clk 0:00:34]} 33. Bd3 {[%clk 0:01:50]} Rg8 {[%clk 0:00:32]} 34. Rxh4
{[%clk 0:01:15]} b5 {[%clk 0:00:37]} 35. Bf1 {[%clk 0:01:08]} Qc7
{[%clk 0:00:53]} 36. Re4 {[%clk 0:01:12]} Rg6 {[%clk 0:00:58]} 37. Re2
{[%clk 0:00:40]} Qc4 {[%clk 0:01:07]} 38. Rxe5+ {[%clk 0:01:02]} 1-0